=LDR 00000nam 2200000 4500 =001 INLIS000000000029935 =005 20201130093405 =035 ##$$a 0010-061300000029935 =008 201130################g##########0#eng## =041 ##$$a eng =082 ##$$a 330 =090 ##$$a 330, Rid e =245 ##$$a Economics, a tool for understanding society =260 ##$$a California; :$b Addison-Wesley,$c 1989 =300 ##$$a xxvii, 553 hlm. : $b ilus ; $c 22 x 14 cm =650 #4$$a Ekonomi =700 #$$a Sackelford, Jean =850 ##$$a NBPNMAT =020 ##$$a 0-201-06134-9 =084 ##$$a 330 ECO =990 ##$$a 00054972